000 00823nam a2200229Ii 4500
003 JO-AjNU
008 230605s9999||||xx |||||||||||||| ||und||
017 _a2018/4/2069
020 _a978-9957-686-48-2
040 _aJO-AjNU
_bara
_erda
_cJO-AjNU
041 _aara
050 1 4 _aPJ6106.B363 2019
100 3 _aبني بكر، عبد القادر مرعي العلي,
_eauthor
_958587
245 0 0 _aأساليب الجملة الإفصاحية في النحو العربي
250 _aط1
264 3 1 _aإربد: عالم الكتب الحديث للنشر والتوزيع، 2019
300 _a184ص
336 _atext
_btxt
_2rdacontent
337 _aunmediated
_bn
_2rdamedia
338 _avolume
_bnc
_2rdacarrier
650 4 _aالشعر العربي - تاريخ ونقد - العصر الجاهلي
_958588
999 _aA26317
_c29885
_d29885